Tính nhiệt tuabin khí

Сохранить в:
Библиографические подробности
Формат:
Язык:Vietnamese
Опубликовано: Bách Khoa 2006
Предметы:
Метки: Добавить метку
Нет меток, Требуется 1-ая метка записи!
Thư viện lưu trữ: Mạng thư viện Đại học Đà Nẵng
LEADER 00972nam a2200301 a 4500
001 000002901
003 03628
005 20171229145311.0
008 171229s2006 vie
040 |a LSK 
041 0 |a VIE 
082 0 |a 621.433  |b HO-C 
245 0 0 |a Tính nhiệt tuabin khí  |c Hoàng Bá Chư, Trương Ngọc Tuấn 
260 |b Bách Khoa  |c 2006 
300 |a 433 pages  |c 27 cm. 
653 |a Nhiệt học - Tua bin khí 
852 |a Phòng Đọc - Phòng Mượn 
901 |a 21 
927 |a Sách tham khảo 
OWN |a LSK 
AVA |a UDN50  |b LSK  |d 621.433 HO-C  |e check_holdings  |t Error 5003 Not defined in file expand_doc_bib_avail.  |h N  |k 1 
999 |a From the UDN01 
AVA |a UDN50  |b LSK  |d 621.433 HO-C  |e available  |t Error 5001 Not defined in file expand_doc_bib_avail.  |f 21  |g 0  |h N  |i 0  |k 1 
TYP |a Monograph 
TYP |a Printed language 
980 |a Mạng thư viện Đại học Đà Nẵng